000 00297nam a22001337a 4500
008 170601b xxu||||| |||| 00| 0 eng d
020 _a9780534599331
041 _aeng
080 _24TH
_a94(100)
100 _a17
101 _aSHH
245 _aWORLD CIVILAZTIONS
_cADLER,PH.J
942 _2udc
_cBK
999 _c15403
_d15403